000 02423nam a2200289 a 4500
090 _aIAVH
_b00765 CD-1
041 _aspa
100 _aCaicedo Rosales, Paula Catalina
_992427
245 _aEvaluación y eficacia biológica de los corredores de conexión entre los bosques del cañón del río Barbas y la Reserva Forestal de Bremen Filandia - Quindío
260 _aBogotá
_bInstituto Alexander von Humboldt
_c2005
300 _a27 p.
520 _aSe evaluó la composición de hormigas y aves en diferentes estadios sucesionales presente en las coberturas vegetales que componen los corredores de conexión de Filandia, desde el Bosque de Bremen, cañada, área vegetalizada y pastizales abandonados. Se identificaron las especies de hormigas y aves que colonizan las áreas revegetalizadas de los futuros corredores. Se determinó el recambio de las especies entre las coberturas vegetales de los corredores. De definieron especies o grupos de especies de hormigas y aves como posibles indicadores de áreas perturbadas o en buen estado de conservación. Se concluyó que a largo plazo se pueden emplear especies de aves y hormigas catalogadas como Especies de Bosque Tolerante a la alteración del hábitat según el análisis de componentes principales, ya que la mayoría de estas especies están presentes en todos los hábitat con cobertura arbórea y su abundancia parece reflejar condiciones iniciales de sucesión. La aceleración del proceso de sucesión en las áreas revegetalizadas sugiere un efecto positivo en la riqueza y composición de hormigas y aves que presentan un número de especies ligeramente mayor que las áreas de regeneración natural y tienen una alta similaridad con las cañadas.
650 _aHormigas
_992499
650 _aAvifauna
_992441
650 _aEstadios sucesionales
_992500
650 _aCobertura vegetal
_992269
650 _aCorredores biológicos
_992432
650 _aEspecies colonizadoras
_992501
650 _aIndicadores biológicos
_94493
650 _aAnálisis de componentes principales
_916953
650 _aRiqueza de especies
_93326
662 _aColombia
_cRío Barbas
_dFilandia
_bQuindío
662 _aColombia
_cReserva Forestal de Bremen
_dFilandia
_bQuindío
700 _aJiménez, Elizabeth
_92483
945 _d2007-08-16
773 0 _05986
_99704
_a
_b
_dBogotá Informatica documental 2007
_o024802
_tInformes de investigaciones IAVH en PDF
_w
_x
_z
999 _c6016
_d6016